000 00832cac a2200265 a 4500
003 CO-PeBPM
005 20250303195345.0
007 ta
008 231129s2004||||ck ||||||||||||| ||spa||
020 _a9501770214
040 _aCO-PeBPM
_bspa
_cCO-PeBPM
_erda
041 _aspa
082 0 4 _a133.33 D246r
_222
100 1 0 _aDaversa, Fabiana
_eautor
245 1 0 _aRunas
_b: Claves para leer el oráculo vikingo
_c/ Fabiana Daversa
250 _aPrimera edición
260 _aBuenos Aires
_b: Kier
_c2004
300 _a156 páginas
_c20 centímetros
490 _aColección del Canal Infinito
_v21
500 _aIncluye índice
650 1 4 _a Runas - Historia
_2LEMB
650 1 4 _aAdivinación
_2LEMB
942 _2ddc
_cBK
999 _c24214
_d24214